Statistiche per Riconosci il Calciatore - Quiz n°434

Clicka qui per fare il quiz!

Statistiche generali

  • Questo quiz è stato fatto 7 volte
  • Il punteggio medio è 10 su 14

Statistiche sulle risposte

IndizioRisposta% Corretto
Data di nascita13/11/2002
100%
NazionalitàStati Uniti
100%
Squadra di club 1Borussia Dortmund 2020-
80%
RuoloCentrocampista
80%
Trofei per clubCoppa di Germania: 1
Borussia Dortmund: 2020-2021
80%
Presenze nei club110
60%
Gol nei club17
60%
Altezza185 cm
60%
Presenze in nazionale24
60%
Gol in nazionale7
60%
Peso76 kg
60%
Trofei per nazionaliCONCACAF Nations League: 2
2019-2020, 2022-2023
60%
CalciatoreGiovanni Reyna
60%
Trofei individualiU.S. Soccer Athlete of the Year: 1
Premio giovane maschile: 2020
60%

Distribuzione punteggi

Percentile per numero di risposta

Percentuale di utenti per punteggio

I tuoi punteggi nel tempo

Non hai fatto questo quiz